Физическая химия. Электрохимия: рабочая тетрадь; учебное пособие

Bibliografiset tiedot
Yhteisötekijä: Национальный исследовательский Томский политехнический университет (ТПУ)
Muut tekijät: Ларина Л. Н. Людмила Николаевна (составитель)
Yhteenveto:Заглавие с титульного экрана
Пособие состоит из четырех частей, соответствующих основным разделам электрохимии (электрическая проводимость растворов электролитов, электроды и электродные потенциалы, ЭДС, электрохимические и концентрационные элементы, вычисление термодинамических констант методом потенциометрии). В каждом разделе содержатся примеры решения задач, задачи для самостоятельного решения и индивидуальные домашние задания. Предназначено для иностранных студентов, обучающихся по химическим направлениям и специальностям, а также для самостоятельной работы на практических занятиях под руководством преподавателя и ля домашних заданий
Режим доступа: из корпоративной сети ТПУ
Kieli:venäjä
Julkaistu: Томск, Изд-во ТПУ, 2012
Aiheet:
Linkit:http://www.lib.tpu.ru/fulltext2/m/2012/m352.pdf
Aineistotyyppi: Elektroninen Kirja
KOHA link:https://koha.lib.tpu.ru/cgi-bin/koha/opac-detail.pl?biblionumber=218624

MARC

LEADER 00000nlm0a2200000 4500
001 218624
005 20231101230217.0
035 |a (RuTPU)RU\TPU\book\238654 
090 |a 218624 
100 |a 20120622d2012 m y0rusy50 ca 
101 0 |a rus 
102 |a RU 
105 |a a j 001zy 
135 |a drcn ---uucaa 
181 0 |a i  
182 0 |a b 
200 1 |a Физическая химия. Электрохимия  |b Электронный ресурс  |e рабочая тетрадь  |e учебное пособие  |f Национальный исследовательский Томский политехнический университет (ТПУ) ; сост. Л. Н. Ларина 
203 |a Текст  |c электронный 
210 |a Томск  |c Изд-во ТПУ  |d 2012 
230 |a 1 компьютерный файл (pdf; 772 KB) 
300 |a Заглавие с титульного экрана 
330 |a Пособие состоит из четырех частей, соответствующих основным разделам электрохимии (электрическая проводимость растворов электролитов, электроды и электродные потенциалы, ЭДС, электрохимические и концентрационные элементы, вычисление термодинамических констант методом потенциометрии). В каждом разделе содержатся примеры решения задач, задачи для самостоятельного решения и индивидуальные домашние задания. Предназначено для иностранных студентов, обучающихся по химическим направлениям и специальностям, а также для самостоятельной работы на практических занятиях под руководством преподавателя и ля домашних заданий 
333 |a Режим доступа: из корпоративной сети ТПУ 
337 |a Adobe Reader 
606 1 |a Физическая химия  |2 stltpush  |3 (RuTPU)RU\TPU\subj\67669  |9 83390 
606 1 |a Электрохимия  |2 stltpush  |3 (RuTPU)RU\TPU\subj\21014  |9 46066 
610 1 |a электронный ресурс 
610 1 |a труды учёных ТПУ 
610 1 |a учебные пособия 
610 1 |a электрическая проводимость 
610 1 |a растворы 
610 1 |a электролиты 
610 1 |a электродные потенциалы 
610 1 |a электрохимические элементы 
610 1 |a термодинамические потенциалы 
610 1 |a термодинамические константы 
675 |a 544(075.8)  |v 3 
675 |a 544.6(075.8)  |v 3 
702 1 |a Ларина  |b Л. Н.  |c доцент Томского политехнического университета  |f 1979-  |g Людмила Николаевна  |2 stltpush  |3 (RuTPU)RU\TPU\pers\29681  |4 220 
712 0 2 |a Национальный исследовательский Томский политехнический университет (ТПУ)  |c (2009- )  |2 stltpush  |3 (RuTPU)RU\TPU\col\15902 
801 1 |a RU  |b 63413507  |c 20120622 
801 2 |a RU  |b 63413507  |c 20140110  |g RCR 
856 4 |u http://www.lib.tpu.ru/fulltext2/m/2012/m352.pdf 
900 |a Физическая химия 
942 |c CF